Conor Mcgregor - UFC Opponents - Statistics

General Stats
  • This quiz has been taken 141 times
  • The average score is 11 of 14
Answer Stats
Date W/L/D - Round Opponent % Correct
10/07/21 LOSS - TKO - R1 Dustin Poirier
96%
23/01/21 LOSS - TKO - R2 Dustin Poirier
96%
27/09/14 WIN - KO - R1 Dustin Poirier
96%
12/12/15 WIN - KO - R1 [C] Jose Aldo
95%
06/10/18 LOSS - SUB - R4 [C] Khabib Nurmagomedov
94%
10/08/16 WIN - M/DEC - R5 Nate Diaz
94%
05/03/16 LOSS - SUB - R2 Nate Diaz
94%
18/01/20 WIN - TKO - R1 Donald Cerrone
83%
12/11/16 WIN - TKO - R2 [C] Eddie Alvarez
83%
17/08/13 WIN - U/DEC - R3 Max Holloway
82%
11/07/15 WIN - KO - R2 [IC] Chad Mendes
74%
18/01/15 WIN - KO - R2 Dennis Siver
40%
06/04/13 WIN - TKO - R1 Marcus Brimage
39%
19/07/14 WIN - KO - R1 Diego Brandao
29%
No matching quizzes found
Score Distribution
Percent of People with Each Score
Percentile by Number Answered
Your Score History
You have not taken this quiz